| 000 | 01385nam a22002537a 4500 | ||
|---|---|---|---|
| 005 | 20100111133449.0 | ||
| 008 | 100111t xxu||||| |||| 00| f hin d | ||
| 010 | _aHIN-89036 | ||
| 020 |
_c250.00 _a9788176752053 |
||
| 035 | _aHN-61382 | ||
| 037 | _bDBAD / PUB | ||
| 040 |
_aDPL _bHN |
||
| 082 | _a379.2609544 | ||
| 245 |
_aमुख्यधारा शिक्षा में दलित भेद / _cभरत एवं राजाराम भादू द्वारा संपादित |
||
| 246 |
_aMukhaydhara Shiksha mein Dalit Bhed _bEd by Bharat, Tajaram Bhadu |
||
| 260 |
_aपंचकूला _bआधार प्रकाशन _c2007 |
||
| 270 |
_aएस.सी.एफ.267, सेक्टर-16 _bपंचकूला _e134113 (हरियाणा) _maadhar_prakashan@yahoo.com |
||
| 300 |
_a219पृ. _c22सेमी (सजिल्द) |
||
| 500 | _aराजस्थान के राजकीय स्कूलों में हाशियाकरण और समावेश पर एक अध्ययन / | ||
| 700 |
_aभरत _915958 |
||
| 700 |
_aभादू, राजाराम _915959 |
||
| 942 |
_2ddc _cHN _mमुख्यधा |
||
| 999 |
_c34428 _d34428 |
||